إقبال والقرآن : (Record no. 5584)
[ view plain ]
| 000 -الفاتح | |
|---|---|
| حقل البيانات ثابتة الطول | 00860nac a22001931u 4500 |
| 008 - عناصر البيانات ثابتة الطول - معلومات عامة | |
| حقل البيانات ثابتة الطول | 100810s1978Ua|||||r|||| 00| 0dara d |
| 020 ## - الرقم الدولى المعيارى للكتب | |
| الرقم الدولى المعيارى للكتاب | 9772662582 |
| 082 ## - رقم تصنيف ديوى العشرى | |
| رقم التصنيف | 229.48 |
| رقم المادة | م ص ر |
| 100 ## - المدخل الرئيسى - إسم شخصى | |
| الإسم الشخصى | المصري، حسين مجيب |
| 9 (RLIN) | 14990 |
| 245 ## - بيان العنوان | |
| العنوان | إقبال والقرآن : |
| بقية العنوان | /دراسة قرآنية مقارنة |
| بيان المسئوليه,etc | حسين مجيب المصري |
| 260 ## - PUBLICATION, DISTRIBUTION, ETC. (IMPRINT) | |
| مكان الناشر او الموزع | :القاهرة |
| اسم الناشر او الموزع | مكتبة الأنجلو المصرية |
| تاريخ النشر أو التوزيع | 1978 |
| 300 ## - الوصف المادى | |
| التعداد | 304 ؛ص |
| أبعاد الوعاء | 24 سم |
| 504 ## - تبصرة ببليوجرافية | |
| تبصرة ببليوجرافية,الخ | يشتمل على ببليوجرافية :ص 291-300 |
| 511 ## - | |
| -- | Catalogued by: Sara |
| 541 ## - تبصرة المصدر المباشر للتزويد | |
| مصدر التزويد | ؛ألف باء |
| طريقة التزويد | ؛شراء |
| 650 ## - المدخل الاضافى بالموضوع-مصطلح موضوعى | |
| مصطلح موضوعي أو اسم جغرافي كعنصر مدخل | القرآن والأدب |
| 9 (RLIN) | 17469 |
| 942 ## - عناصر المدخل الإضافي( كوها) | |
| Koha [default] item type | Book - Borrowing |
| سابقة رقم الطلب | 229.48 م ص ر |
| مصدر التصنيف او مخطط الترفيف | Dewey Decimal Classification |
| حالة التراجع | حالة الفقد | مصدر التصنيف او خطة الترفيف | حالة تلف | ليس للاعارة | مجموعات كوها | المكان الدائم | المكان الحالي | موقع الترفيف | تاريخ الاكتساب | Source of acquisition | رقم الاستدعاء | الباركود | Date last seen | نوع الوعاء |
|---|---|---|---|---|---|---|---|---|---|---|---|---|---|---|
| Dewey Decimal Classification | Alef-Baa | Central Library | Central Library | Lower Floor | 10/08/2010 | 229.48م ص ر | 000006935 | 15/07/2025 | Book - Borrowing |